| 000 | 00924nam a22001817a 4500 | ||
|---|---|---|---|
| 999 |
_c59232 _d59232 |
||
| 003 | Ge_BSU | ||
| 005 | 20221222102227.0 | ||
| 008 | 221222s1980ge xxu||||| |||| 00| 0 geo d | ||
| 041 | _ageo | ||
| 080 | _a821.353.1+ 821.353.1-32 კ-59 | ||
| 100 |
_aკლდიაშვილი, დავით, 1862-1931. _916277 |
||
| 245 |
_aთხზულებანი : 2 ტომად _bტ. 1, მოთხრობები / _cდავით კლდიაშვილი ; [შეადგინა ს. კლდიაშვილმა] |
||
| 264 |
_aთბილისი : _bსაბჭ. საქართველო, _c1980. |
||
| 300 |
_a331 გვ. : _bილ. 1 ფ. პორტრ. _c20 სმ. |
||
| 653 | _aთხზულებანი : 2 ტომად. ტ. 1, მოთხრობები | ||
| 700 |
_aკლდიაშვილი, ს _eშემდგენელი _916516 |
||
| 942 |
_2udc _cBK |
||